000 00857nam0a2200289 4500
001 RU\NLR\bibl\1686164
005 20250616053042.0
010 _a978-5-9968-0057-5
_920000
021 _aRU
_b2010-68603
_94516
035 _a(NLR Aleph) 001677335
090 _a1079281
_c1079281
100 _a20101013d2010 |||y0rusy50 ca
101 0 _arus
102 _aRU
105 _ay |||||||||
200 1 _aВсенощное бдение
210 _aМосква
_cБлаговест
_d2010
215 _a31, [1] с.
_d17
225 1 _aКрупицы божественной мудрости
606 1 _aВсенощное бдение
_92076461
_3RU\NLR\auth\661251606
686 _aЭ372.24-50
801 0 _aRU
_bNLR
_c20101013
_gRCR
801 1 _aRU
_bNLR
_c20101013
942 _cBOOK
980 _aNB